<?xml version="1.0" encoding="UTF-8"?>
<record
    xmlns:xsi="http://www.w3.org/2001/XMLSchema-instance"
    xsi:schemaLocation="http://www.loc.gov/MARC21/slim http://www.loc.gov/standards/marcxml/schema/MARC21slim.xsd"
    xmlns="http://www.loc.gov/MARC21/slim">

  <leader>01784nam a22002897a 4500</leader>
  <datafield tag="952" ind1=" " ind2=" ">
    <subfield code="0">0</subfield>
    <subfield code="1">0</subfield>
    <subfield code="2">lcc</subfield>
    <subfield code="4">0</subfield>
    <subfield code="7">0</subfield>
    <subfield code="a">21</subfield>
    <subfield code="b">21</subfield>
    <subfield code="d">2017-04-29</subfield>
    <subfield code="l">2</subfield>
    <subfield code="o">KGF1059  M65</subfield>
    <subfield code="p">21 003598</subfield>
    <subfield code="r">2024-07-27</subfield>
    <subfield code="s">2024-07-20</subfield>
    <subfield code="t">1</subfield>
    <subfield code="w">2017-04-29</subfield>
    <subfield code="y">LB</subfield>
  </datafield>
  <datafield tag="952" ind1=" " ind2=" ">
    <subfield code="0">0</subfield>
    <subfield code="1">0</subfield>
    <subfield code="2">ddc</subfield>
    <subfield code="4">0</subfield>
    <subfield code="7">0</subfield>
    <subfield code="a">01</subfield>
    <subfield code="b">01</subfield>
    <subfield code="d">2017-05-19</subfield>
    <subfield code="l">0</subfield>
    <subfield code="o">346.07 M745s</subfield>
    <subfield code="p">01 013921</subfield>
    <subfield code="r">2017-05-19</subfield>
    <subfield code="t">1</subfield>
    <subfield code="w">2017-05-19</subfield>
    <subfield code="y">LB</subfield>
  </datafield>
  <datafield tag="952" ind1=" " ind2=" ">
    <subfield code="0">0</subfield>
    <subfield code="1">0</subfield>
    <subfield code="4">0</subfield>
    <subfield code="7">0</subfield>
    <subfield code="a">07</subfield>
    <subfield code="b">07</subfield>
    <subfield code="d">2017-08-04</subfield>
    <subfield code="l">1</subfield>
    <subfield code="m">1</subfield>
    <subfield code="o">KGF1059  M65</subfield>
    <subfield code="p">07 006373</subfield>
    <subfield code="r">2019-04-05</subfield>
    <subfield code="s">2019-03-22</subfield>
    <subfield code="t">1</subfield>
    <subfield code="w">2017-08-04</subfield>
    <subfield code="y">LB</subfield>
  </datafield>
  <datafield tag="952" ind1=" " ind2=" ">
    <subfield code="0">0</subfield>
    <subfield code="1">0</subfield>
    <subfield code="4">0</subfield>
    <subfield code="7">0</subfield>
    <subfield code="a">14</subfield>
    <subfield code="b">14</subfield>
    <subfield code="d">2017-12-20</subfield>
    <subfield code="l">0</subfield>
    <subfield code="o">KGF1059  M65</subfield>
    <subfield code="p">14 006896</subfield>
    <subfield code="r">2017-12-20</subfield>
    <subfield code="t">1</subfield>
    <subfield code="w">2017-12-20</subfield>
    <subfield code="y">LB</subfield>
  </datafield>
  <datafield tag="952" ind1=" " ind2=" ">
    <subfield code="0">0</subfield>
    <subfield code="1">0</subfield>
    <subfield code="4">0</subfield>
    <subfield code="7">0</subfield>
    <subfield code="a">08</subfield>
    <subfield code="b">08</subfield>
    <subfield code="d">2018-01-22</subfield>
    <subfield code="l">0</subfield>
    <subfield code="o">KGF1059  M65</subfield>
    <subfield code="p">08 006638</subfield>
    <subfield code="r">2018-01-22</subfield>
    <subfield code="t">1</subfield>
    <subfield code="w">2018-01-22</subfield>
    <subfield code="y">LB</subfield>
  </datafield>
  <datafield tag="999" ind1=" " ind2=" ">
    <subfield code="c">101880</subfield>
    <subfield code="d">101880</subfield>
  </datafield>
  <controlfield tag="005">20231102152025.0</controlfield>
  <controlfield tag="008">170429s2017    mx a|||| l||| 00| 0 spa d</controlfield>
  <datafield tag="020" ind1=" " ind2=" ">
    <subfield code="a">9786070925788</subfield>
  </datafield>
  <datafield tag="050" ind1=" " ind2="4">
    <subfield code="a">KGF1059 </subfield>
    <subfield code="b">M65</subfield>
  </datafield>
  <datafield tag="082" ind1=" " ind2="4">
    <subfield code="a">346.07</subfield>
    <subfield code="b">M745s</subfield>
  </datafield>
  <datafield tag="100" ind1="1" ind2=" ">
    <subfield code="a">Mondrag&#xF3;n Pedrero, Fabi&#xE1;n</subfield>
    <subfield code="e">autor</subfield>
  </datafield>
  <datafield tag="245" ind1="1" ind2="0">
    <subfield code="a">Sociedades mercantiles</subfield>
    <subfield code="c"> / Fabi&#xE1;n Mondrag&#xF3;n Pedrero</subfield>
  </datafield>
  <datafield tag="250" ind1=" " ind2=" ">
    <subfield code="a"> </subfield>
  </datafield>
  <datafield tag="260" ind1=" " ind2=" ">
    <subfield code="a">M&#xE9;xico</subfield>
    <subfield code="b">: Porr&#xFA;a</subfield>
    <subfield code="b">: UNAM, Facultad de Derecho</subfield>
    <subfield code="c">, 2017</subfield>
  </datafield>
  <datafield tag="300" ind1=" " ind2=" ">
    <subfield code="a">xiv, 174 p&#xE1;ginas</subfield>
    <subfield code="b">: ilustraciones</subfield>
  </datafield>
  <datafield tag="490" ind1=" " ind2=" ">
    <subfield code="a">Enciclopedia jur&#xED;dica de la Facultad de Derecho. UNAM / Jes&#xFA;s de la Fuente Rodr&#xED;guez</subfield>
    <subfield code="v">23</subfield>
  </datafield>
  <datafield tag="505" ind1=" " ind2=" ">
    <subfield code="a">Generalidades del derecho mercantil
Acto de comercio
Comercio electr&#xF3;nico
El comerciante
Empresa
Sociedades mercantiles
Aspectos relevantes de las sociedades mercantiles
Sociedades inexistentes, regulares e il&#xED;citas
Sociedades an&#xF3;nimas
Sociedades cooperativas
Disoluci&#xF3;n y liquidaci&#xF3;n de sociedades mercantiles
Fusi&#xF3;n
Transformaci&#xF3;n
Escisi&#xF3;n
Agrupaci&#xF3;n de sociedades
Sociedades extranjeras</subfield>
  </datafield>
  <datafield tag="519" ind1=" " ind2=" ">
    <subfield code="a">Material complementario / </subfield>
    <subfield code="b">Derecho / </subfield>
    <subfield code="d">(21 003598)</subfield>
  </datafield>
  <datafield tag="519" ind1=" " ind2=" ">
    <subfield code="a">Plan Flexible / </subfield>
    <subfield code="b">Maestr&#xED;a en Derecho Corporativo / </subfield>
    <subfield code="c">Sociedades Mercantiles (P01-3) / </subfield>
    <subfield code="d">(08 006638)</subfield>
  </datafield>
  <datafield tag="519" ind1=" " ind2=" ">
    <subfield code="a">Plan Flexible / </subfield>
    <subfield code="b">Maestr&#xED;a en Derecho Corporativo / </subfield>
    <subfield code="c">Sociedades Mercantiles (P01-3) / </subfield>
    <subfield code="d">(09 013921)</subfield>
  </datafield>
  <datafield tag="519" ind1=" " ind2=" ">
    <subfield code="a">Plan Flexible / </subfield>
    <subfield code="b">Maestr&#xED;a en Derecho Corporativo / </subfield>
    <subfield code="c">Sociedades Mercantiles (P01-3) / </subfield>
    <subfield code="d">(14 006896)</subfield>
  </datafield>
  <datafield tag="519" ind1=" " ind2=" ">
    <subfield code="a">Plan Flexible / </subfield>
    <subfield code="b">Maestr&#xED;a en Derecho Corporativo / </subfield>
    <subfield code="c">Sociedades Mercantiles (P01-3) / </subfield>
    <subfield code="d">(07 006373)</subfield>
  </datafield>
  <datafield tag="650" ind1="1" ind2="4">
    <subfield code="a">DERECHO MERCANTIL</subfield>
    <subfield code="z">M&#xC9;XICO</subfield>
  </datafield>
  <datafield tag="700" ind1="1" ind2=" ">
    <subfield code="a">Fuente Rodr&#xED;guez, Jes&#xFA;s de la</subfield>
    <subfield code="e">coordinador de la serie</subfield>
  </datafield>
  <datafield tag="942" ind1=" " ind2=" ">
    <subfield code="c">LB</subfield>
  </datafield>
</record>
